000 01755nam a22004697a 4500
001 000096684
003 CHAP
005 20220329143207.0
008 061213d2006 mx ad r 00110 spa d
010 _a93150
011 _a94122
035 _a104706
040 _cCHAP
090 _aTesis
100 1 _aEsponda Muñoz, Milton.
_938130
245 1 0 _aEfecto de la dencidad en el crecimiento de los brinzales Pinus patula Schl. et Cham., y Pinus greggii Engelm producidos en contenedores /
_c/por Milton Esponda Muñoz.
260 _aChapingo, Méx. :
_bEl autor,
_c2006.
300 _a61 h. :
_bilus. ; gráfs. ; cuadros.
502 _aTesis (Ing. Forestal) -- UACH. División de Ciencias Forestales
590 _aALEPH
_b10
_c20130110
_lUCH01
_h1515
590 _aBATCH-UPD
_b10
_c20130110
_lUCH01
_h0706
590 _aBATCH-UPD
_b10
_c20130410
_lUCH01
_h0352
590 _aBATCH-UPD
_b10
_c20130914
_lUCH01
_h1052
590 _aBATCH-UPD
_b10
_c20140324
_lUCH01
_h1500
590 _aBATCH-UPD
_b10
_c20141002
_lUCH01
_h0832
590 _aCONVERSION
_b10
_c20130109
_lUCH01
_h1352
590 _aE792CSJ
_b10
_c20130603
_lUCH01
_h1022
650 1 4 _aContenedores.
_927440
650 1 4 _aCultivos en invernadero.
_930376
650 1 4 _aPináceas
_xCrecimiento.
_988225
650 1 4 _aPináceas
_xEspaciamiento.
_988232
650 1 4 _aPinus greggii.
_988338
650 1 4 _aPinus patula.
_988356
650 1 4 _aViveros forestales.
_9120100
856 _3Finding aid
_uhttp://10.13.5.2/tesis/104706.pdf
_zTeclea aquí
901 _aBK
905 _aMarco A. Mendoza T.
942 _cCD
942 _n0
949 _aTesis
_bBC
_cTES
_d33724002012173
_eTS1
_gDonaciØn
_h46196
_i104706
_sb
949 _aTesis
_bBC
_cTES
_d33724002012181
_eTS2
_fc.2
_gDonaciØn
_h46197
_i104706
_sb
999 _c93150
_d93150